00977cam a2200253Mi 450000500170000000800410001702000180005802000150007604000500009104100080014124500940014924600220024326000680026530000370033349000460037050400530041665000420046965000320051165000400054365000420058365100420062570000280066770000280069520140924153817.0140923s2011 enka fr 001 0 eng d a9780199559947 a0199559945 aCO-BoUCMbspacJose A. GerenadJose A. Gerena0 aeng04aThe Oxford handbook of the American Congress ceditado por Eric Schickler, Frances E. Lee30aAmerican Congress aOxford (Oxfordshire, Inglaterra)bOxford University pressc2011 axi, 929 páginasbilustraciones1 aThe Oxford Handbooks of American Politics aIncluye referencias bibliográficas e índices 7aCuerpos legislativos zEstados Unidos 7aElecciones zEstados Unidos 7aActos legislativos zEstados Unidos 7aActividad política zEstados Unidos 4aEstados UnidosxPolítica y gobierno1 aSchickler, Ericeeditor1 aLee, Frances E.eeditor